000 00587nam a2200229Ia 4500
003 OSt
005 20221005122700.0
006 a|||||r|||| 00| 0
007 ta
008 221004b |||||||| |||| 00| 0 kan d
024 _a59697
037 _cTextual
040 _aCRL
_cCRL
_bkan
041 _2kan
_akan
082 _aO33,1G30,1, J5.1-.4
100 _aKumarayasa Au.
_9632437
245 0 _aKannada mahabaharata
260 _c1955
650 _aKANNAD POETRY
942 _hO33,1G30,1, J5.1-.4
_cTEXL
_2cc
999 _c1045079
_d1045079